| 000 | 01304nam a2200229 a 4500 | ||
|---|---|---|---|
| 008 | 060316s1972 ||||||||||||||||| || u | ||
| 020 | _a0713132787 | ||
| 050 | _aTK 5102.5 Con | ||
| 100 | _aConnor, Frank Robert | ||
| 245 | 1 | 0 | _aWave transmission |
| 260 |
_aLondon : _bEdward Arnold _c1972 |
||
| 300 | _avii, 107 p. : ill. | ||
| 350 | _a0.00 | ||
| 490 | _aHis Introductory topics in electronics and telecommunication | ||
| 650 | _aMICROWAVES | ||
| 650 | _aTELECOMMUNICATION LINES | ||
| 995 |
_D0.00 _FCBU-SCHOOL TEXTBOOK COLLECTIONS _H1 _I0.00 _M2 _UAVAILABLE _WAug 31, 2009 _ZSchool Collections |
||
| 995 |
_D0.00 _FCBU-MAIN LIBRARY (Kitwe) _H1 _I3.75 _M1 _UAVAILABLE _ZMain Library Open Access Collection |
||
| 995 |
_D0.00 _FCBU-SCHOOL TEXTBOOK COLLECTIONS _H1 _I0.00 _M4 _UAVAILABLE _WAug 31, 2009 _ZSchool Collections |
||
| 995 |
_D0.00 _FCBU-SCHOOL TEXTBOOK COLLECTIONS _H1 _I0.00 _M3 _UAVAILABLE _WAug 31, 2009 _ZSchool Collections |
||
| 995 |
_D0.00 _FCBU-SCHOOL TEXTBOOK COLLECTIONS _H1 _I0.00 _M5 _UAVAILABLE _WAug 31, 2009 _ZSchool Collections |
||
| 999 |
_c78419 _d78419 |
||